000
00314nam a2200145Ia 4500
100
_a
Bose/S.K
650
_a
English
942
_c
BK
654
_a
Technical English
245
_a
A Course in Technical English I
260
_b
Somaiya Publications
_c
1975
082
_a
428
300
_a
219
546
_a
ENGLISH
999
_c
20093
_d
20093